LEADER 01157nam a2200253 i 4500 001 000000153746 003 CaOOAMICUS 005 20250606144015.0 008 061003s1937 it u000 u ita u 013 $a131089 040 $aSeMil$bita 100 1 $aZweig, Stefan,$d<1881-1942>.$0(OLS)http://semarc/name/7754 245 10$aLeggende :$bLa leggenda della terza colomba ; Il candelabro sepolto ; Gli occhi dell'eterno fratello ; Rachele contende con Dio /$cStefan Zweig ; versione dal tedesco di Anita Rho. 260 $aMilano :$bSperling & Kupfer Editori,$c1937. 300 $a231 p. :$bill. ;$c24 cm. 500 $aFondo Ciprandi. 700 1 $aRho, Anita.$0(OLS)http://semarc/name/8237 850 $aSeMil 852 $aSeMil$W1$xVenegono$y1$m1W VI 245$j105635$B105635$CSeMilBibl$Z2$F114884 $81 941 1 $a1 961 $aOmaggio: Ciprandi dott. Paolo 996 $6245$aLeggende :$bLa leggenda della terza colomba ; Il candelabro sepolto ; Gli occhi dell'eterno fratello ; Rachele contende con Dio$9(OLS)http://semarc/title/454181 996 $6260$aMilano :$bSperling & Kupfer Editori$9(OLS)http://semarc/publisher/31570 LEADER 00844nam a2200181 i 4500 001 000000048737 003 CaOOAMICUS 005 19960607000000.0 008 960607n it u000 u ita u 013 $a19907 040 $aSeMil$bita 100 1 $aTodde, Mauro Maria.$0(OLS)http://semarc/name/54677 245 10$aPeccato e prassi penitenziale secondo Lucifero di Cagliari. Vicenza :$bEdizioni patristiche, 1965. (Saggi e ricerche ; 1). 650 4$aPenitenza - Storia.$0(OLS)http://semarc/subject/5592 650 4$aPeccato.$0(OLS)http://semarc/subject/4432 850 $aSeMil 852 $aSeMil$W1$xVenegono$y1$m2E I 112$j14892$B14892$CSeMilBibl$Z2$F14892 $81 996 $6245$aPeccato e prassi penitenziale secondo Lucifero di Cagliari. Vicenza :$bEdizioni patristiche, 1965. (Saggi e ricerche ; 1).$9(OLS)http://semarc/title/73797